The sociology of post-colonial societies : economic disparity, cultural diversity and development

Αποθηκεύτηκε σε:
Λεπτομέρειες βιβλιογραφικής εγγραφής
Κύριος συγγραφέας: Goldthorpe, J. E. (John Ernest)
Μορφή: Βιβλίο
Γλώσσα:English
Δημοσίευση: Cambridge : Cambridge University Press, c1996
Θέματα:
Ετικέτες: Προσθήκη ετικέτας
Δεν υπάρχουν, Καταχωρήστε ετικέτα πρώτοι!

MARC

LEADER 00000nam a2200000 i 4500
001 1/70728
008 990226s1996 eng d
020 |a 0-521-57800-0 
035 |l 10048174 
040 |a GR-MY-UA  |b gre  |e aacr 
041 0 |a eng 
082 0 |a 306.091724 
100 1 |a Goldthorpe, J. E.  |q (John Ernest) 
245 1 4 |a The sociology of post-colonial societies :  |b economic disparity, cultural diversity and development /  |c J. E. Goldthorpe 
260 |a Cambridge :   |b Cambridge University Press,   |c c1996 
300 |a 279 p.  |b fig. 
500 |a Rev. edn of: The sociology of the Third World 
504 |a Includes bibliographical references and index 
650 0 0 |a Social history  |y 20th century. 
651 0 |a Developing countries  |x Social conditions. 
852 |a INST  |b LESVOS  |e 19990226  |h 306.091724 GOL  |p 005100016617  |q 005100016617  |t BK  |y 0 
901 |a BIBL-1999-1 
909 |a Λ  |b 061276 
922 |a 1ΕΛΗ  |b 199811  |c ΚΠΣ/ΤΚ  |d ΠΑΠΑΣΩΤΗΡΙΟΥ 
950 |a 103-1998-07-27